000 00416pab a2200157 454500
008 180718b2007 xxu||||| |||| 00| 0 eng d
100 _aYang, David D.
245 _aClassing ethnicity: class, ethnicity, and the mass politics of Taiwan's democratic transition
260 _c2007
300 _ap.503-38.
362 _aJul
650 _aEthnic groups
773 _aWorld Politics
908 _aN
909 _a77345
999 _c77345
_d77345